Bí quyết lập trình Visual Basic 6 /

Căn bản về Visual Basic. Môi trường Visual Basic và hệ trợ giúp. Tuỳ biến biểu mẫu: viết các chương trình đơn giản. Bước đầu trong quá trình xây dựng hệ giao tiếp người dùng. Nhập môn về lập trình. Hiển thị thông tin. điều khiển luồng chương trình......

ver descrição completa

Na minha lista:
Detalhes bibliográficos
Outros Autores: Nguyễn Văn Hoài., Đặng Xuân Hường., Trương Ngọc Vân., Nguyễn Tiến.
Formato: Livro
Idioma:Vietnamese
Publicado em: Hà Nội : Giáo dục, 1999.
Assuntos:
Tags: Adicionar Tag
Sem tags, seja o primeiro a adicionar uma tag!
Thư viện lưu trữ: Mạng thư viện Đại học Đà Nẵng
LEADER 01434cam a2200397 i 4500
001 000043080
003 955
005 20030916092831.0
008 010217b1999 vm 000 vie
022 |a T 
040 |a IRC  |c IRC  |d IRC 
041 0 |a vie 
082 1 4 |a 005.13  |b Bi-Q 
245 0 0 |a Bí quyết lập trình Visual Basic 6 /  |c Nguyễn Tiến, Đặng Xuân Hường, Nguyễn Văn Hoài, Trương Ngọc Vân. 
260 |a Hà Nội :  |b Giáo dục,  |c 1999. 
300 |a 1197tr. ;  |c 20,5cm. 
520 3 |a Căn bản về Visual Basic. Môi trường Visual Basic và hệ trợ giúp. Tuỳ biến biểu mẫu: viết các chương trình đơn giản. Bước đầu trong quá trình xây dựng hệ giao tiếp người dùng. Nhập môn về lập trình. Hiển thị thông tin. điều khiển luồng chương trình... 
630 0 4 |a Tin học. 
630 0 4 |a Lập trình. 
630 0 4 |a Visual Basic. 
630 0 4 |a Computer program language. 
650 0 4 |a Microsoft Visual Basic (Ngôn ngữ lập trình máy tính) 
700 1 |a Nguyễn Văn Hoài. 
700 1 |a Đặng Xuân Hường. 
700 1 |a Trương Ngọc Vân. 
700 1 |a Nguyễn Tiến. 
OWN |a DUT 
999 |a From the UDN01 
TYP |a Monograph 
TYP |a Printed language 
980 |a Mạng thư viện Đại học Đà Nẵng